Analisa semua jenis kes Mahkamah Kadi Daerah Kuantan /
Saved in:
| Main Author: | |
|---|---|
| Format: | Thesis |
| Language: | English |
| Published: |
Petaling Jaya
: Universiti Islam Antarabangsa Malaysia,
1986
|
| Subjects: | |
| Tags: |
Add Tag
No Tags, Be the first to tag this record!
|
| LEADER | 011390000a22002650004500 | ||
|---|---|---|---|
| 001 | 61796 | ||
| 005 | 20090121120700.0 | ||
| 008 | 930127s1986 eng | ||
| 035 | |a 232482 | ||
| 035 | |a (Sirsi) 61796 | ||
| 040 | |a UIAM |b eng | ||
| 049 | |b m | ||
| 050 | |a BP158.3A91P3 | ||
| 100 | 0 | |a Sheikh Abdul Rahim bin Sheikh Ahmad | |
| 245 | 1 | 0 | |a Analisa semua jenis kes Mahkamah Kadi Daerah Kuantan / |c oleh Sheikh Abdul Rahim bin Sheikh Ahmad |
| 260 | 1 | |a Petaling Jaya |b : Universiti Islam Antarabangsa Malaysia, |c 1986 | |
| 300 | |a 47 p. | ||
| 502 | |a (D.A.I.J.)--Universiti Islam Antarabangsa Malaysia, 1986 | ||
| 596 | |a 1 | ||
| 650 | 0 | |a Criminal law (Islamic law) |z Pahang Cases | |
| 650 | 0 | |a Domestic relations (Islamic law) |x Cases |z Malaysia Pahang | |
| 900 | |a arr-imj-bal200993-naw | ||
| 999 | |c 430032 |d 461523 | ||
| 952 | |0 0 |6 LU T BP158.3A91P3S543A 1986 |7 0 |8 THESES |9 749073 |a IIUM |b IIUM |c CLOSEACCES |g 0.00 |o lu t BP158.3A91P3S543A 1986 |p 00010981831 |r 2017-10-24 |t 1 |v 0.00 |y THESIS | ||
| 952 | |0 0 |6 T BP158.3A91P3S543A 1986 |7 0 |8 THESES |9 749074 |a IIUM |b IIUM |c MULTIMEDIA |g 0.00 |o t BP158.3A91P3S543A 1986 |p 00000104048 |r 2017-10-17 |t 2 |v 0.00 |y THESIS | ||
